00823nam a2200169 a 450000100100000000500170001000800410002704000250006808200180009324500660011126000640017730000210024165000670026295201880032995201210051799900150063800000609220200929151926.0090826s1946 dr 000 0 spa d aDO-SdBNPbspacBNPHU a363.37bR337c00aReglamento del cuerpo de bomberos civiles de Ciudad Trujillo. aCiudad Trujillo, República Dominicana :bMontalvo,c1946. a120 p. ;c23 cm. 4aCuerpo de bomberoszRepública DominicanaxReglamentos917149 001050718RVaPDbPDcCTd2009-08-26iLF1l0o363.37 R337cp6092-10r2020-06-25w2020-06-25y1zPerteneció a la biblioteca personal de Aída Cartagena Portalatín.ZNo se presta 001050718RVaPDbPDcCTd2011-06-15iLF1l0o363.37 R337cp6092-20r2020-06-25te. 2w2020-06-25y1ZNo se presta c5888d5888